Las competencias en la Docencia universitaria. Preguntas frecuente
| Main Author: | |
|---|---|
| Format: | Section = Libro |
| Language: | Undetermined Spanish |
| Published: |
México
Pearson
2102
|
| Subjects: |
| LEADER | 00597nam a2200217Ia 4500 | ||
|---|---|---|---|
| 008 | 240829s9999 xx 000 0 und d | ||
| 020 | |a 968-607-32-0762-1 | ||
| 040 | |a BIBLIOTECA-RUSB/ 378 P644 | ||
| 041 | |a spa | ||
| 082 | |a 378 P644 | ||
| 100 | 1 | |a Pimienta Prieto, Julio H. | |
| 245 | 1 | 0 | |a Las competencias en la Docencia universitaria. Preguntas frecuente |
| 260 | |a México |b Pearson |c 2102 | ||
| 300 | |a 144 p. :il. | ||
| 650 | 7 | |a EDUCACIÓN SUPERIOR | |
| 650 | 7 | |b COMPETENCIAS | |
| 650 | 7 | |c INNOVACIONES EDUCATIVAS | |
| 650 | 7 | |d APRENDIZAJE | |
| 942 | |c BK |2 ddc | ||
| 991 | |a TEXTO | ||
| 999 | |c 1161 | ||